| 000 | 02060nam a2200301Ia 4500 | ||
|---|---|---|---|
| 999 |
_c49232 _d49232 |
||
| 001 | 16144 | ||
| 003 | GE_BSU | ||
| 005 | 20241216144212.0 | ||
| 008 | 181216s2015||||ge |||||||||||||| ||geo|| | ||
| 020 | _a9789941240201 | ||
| 040 | _cGE_BSU | ||
| 041 | _ageo | ||
| 080 | _a27-36(479.22) პ-193 | ||
| 245 |
_aპარიზის მფარველი წმინდა ჟენევიევა ; წმინდა პატრიკიოს პრუსიელი ; წმინდა სვიმეონ ახალი ღვთისმეტყველი / _cშემდგენელი კახაბერ კენკიშვილი ; გარეკანის დიზაინი ეთერ გზირიშვილი. |
||
| 264 |
_aთბილისი : _bპალიტრა L, _c2015. |
||
| 300 |
_a188 გვ. : _bილ. ; _c20 სმ. |
||
| 490 |
_aსაქართველოს იმედი II : ყველა წმინდანი, რომელთა შესახებაც უნდა იცოდე / _vპროექტის რედაქტორი თამარ მამაცაშვილი ; წიგნი 25 |
||
| 500 | _aიბეჭდება სრულიად საქართველოს კათოლიკოს-პატრიარქის, უწმინდესისა და უნეტარესის ილია II-ის ლოცვა-კურთხევით | ||
| 541 | _h2ლ. | ||
| 653 | _aჟენევიევა, 423-511 | ||
| 653 | _a პატრიკიოს პრუსიელი | ||
| 653 | _aსვიმეონ ახალი ღვთისმეტყველი 949-1032 | ||
| 653 | _aრელიგია | ||
| 654 | _2 . . | ||
| 700 |
_aკენკიშვილი, კახაბერ _eშემდგენელი _923978 |
||
| 700 |
_aგზირიშვილი, ეთერ _eგარეკანის დიზაინერი _923979 |
||
| 942 |
_cBK _2udc |
||